000 00356cam a22001217a 4500
008 180718b1999 xxu||||| |||| 00| 0 eng d
082 _aT123 P932
100 _aVerma, Narender
245 _aProject report on price mechanism
_cby Narender Verma
260 _aNew Delhi
_bIndian Institute of Public Administration
_c1999
300 _a160p.
650 _aPrices
999 _c492257
_d492257